Gares desservies par le Tram-Train Ouest Lyonnais - Statistiques

Statistiques générales
  • Ce quiz a été pris 28 fois
  • Le résultat moyen est 14 sur 17
Statistiques - réponses
Réponse % Correct
Tassin
100%
Brignais
96%
Lyon Saint-Paul
96%
Francheville
91%
L'Arbresle
91%
Lyon Gorge de Loup
91%
Alaï
87%
Charbonnières-les-Bains
78%
Sain-Bel
78%
La Tour-de-Salvagny
74%
Lentilly
74%
Casino Lacroix Laval
70%
Chaponost
70%
Ecully - La Demi-Lune
70%
Fleurieux-sur-l'Arbresle
70%
Le Méridien - La Ferrière
65%
Lentilly Charpenay
61%
Aucun quiz correspondant
Distribution des résultats
% des personnes avec chaque résultat
Percentile par nombre de réponses
Votre historique - résultats
Vous n’avez pas pris ce quiz